Rajya Sabha Members Biographical Sketches 1952-2019 / (Record no. 197334)

MARC details
000 -LEADER
fixed length control field 00650nam a22002177a 4500
005 - DATE AND TIME OF LATEST TRANSACTION
control field 20230912104715.0
010 ## - LCCN (DPL NO)
LC control number ENG-137853
020 ## - INTERNATIONAL STANDARD BOOK NUMBER
Terms of availability 2500.00
035 ## - SYSTEM CONTROL NUMBER
System control number EN-121385
037 ## - SOURCE OF ACQUISITION
Source of stock number/acquisition DBAD/PUB
082 ## - DEWEY DECIMAL CLASSIFICATION NUMBER
Classification number 920
245 ## - TITLE STATEMENT
Title Rajya Sabha Members Biographical Sketches 1952-2019 /
Statement of responsibility, etc edited by D.S Prasanna Kumar...[et.al]
260 ## - PUBLICATION, DISTRIBUTION, ETC. (IMPRINT)
Place of publication, distribution, etc New Delhi
Name of publisher, distributor, etc Rajya Sabha Secretariat
Date of publication, distribution, etc 2019
270 ## - ADDRESS
Address New Delhi
City New Delhi
300 ## - PHYSICAL DESCRIPTION
Extent 648p.
Other physical details ill
Dimensions 25cm(Hb)
700 ## - ADDED ENTRY--PERSONAL NAME
Personal name Singh,Vandana
9 (RLIN) 56284
700 ## - ADDED ENTRY--PERSONAL NAME
Personal name Singh,Asha
9 (RLIN) 56285
700 ## - ADDED ENTRY--PERSONAL NAME
Personal name Ali,Md.Salim
9 (RLIN) 56286
700 ## - ADDED ENTRY--PERSONAL NAME
Personal name Saleem,Mohammad
9 (RLIN) 56287
942 ## - ADDED ENTRY ELEMENTS (KOHA)
Source of classification or shelving scheme Dewey Decimal Classification
Item type English Books
Classification part 920
Call number suffix RAJ
Holdings
Withdrawn status Lost status Not for loan Collection code Home library Current library Date acquired Source of acquisition Cost, normal purchase price Full call number Barcode Copy number Cost, replacement price Koha item type
    Not For Loan Non-fiction D.B.Act.Division Central Library 22/08/2023 DBAD/PUB 2500.00 920 RAJ EN-121385 1 2500.00 English Books

© Delhi Public Library
Hit Counter
free hit counter